Soil science: (Record no. 7697)

MARC details
000 -LEADER
fixed length control field 00527nam a22001817a 4500
003 - CONTROL NUMBER IDENTIFIER
control field OSt
005 - DATE AND TIME OF LATEST TRANSACTION
control field 20220217094440.0
008 - FIXED-LENGTH DATA ELEMENTS--GENERAL INFORMATION
fixed length control field 220217b ||||| |||| 00| 0 eng d
020 ## - INTERNATIONAL STANDARD BOOK NUMBER
International Standard Book Number 978-0-19-558345-8
040 ## - CATALOGING SOURCE
Transcribing agency DDC
082 ## - DEWEY DECIMAL CLASSIFICATION NUMBER
Classification number 631.42 MCL 2012
100 ## - MAIN ENTRY--PERSONAL NAME
Personal name Mcleren, R.G, Cameroon,K.C
9 (RLIN) 15725
245 ## - TITLE STATEMENT
Title Soil science:
Remainder of title Sustainable production and environmental protection
260 ## - PUBLICATION, DISTRIBUTION, ETC. (IMPRINT)
Place of publication, distribution, etc. Australia:
Name of publisher, distributor, etc. Oxford University,
Date of publication, distribution, etc. 2012
300 ## - PHYSICAL DESCRIPTION
Extent ix,304p.
Other physical details ill;
Dimensions 24cm
504 ## - BIBLIOGRAPHY, ETC. NOTE
Bibliography, etc includes appendix<br/>index
942 ## - ADDED ENTRY ELEMENTS (KOHA)
Source of classification or shelving scheme Dewey Decimal Classification
Koha item type Book
Holdings
Withdrawn status Lost status Source of classification or shelving scheme Damaged status Not for loan Home library Current library Date acquired Source of acquisition Inventory number Total Checkouts Full call number Barcode Date last seen Price effective from Koha item type
    Dewey Decimal Classification     Faculty of Interdisciplinary Studies Library Faculty of Interdisciplinary Studies Library 17/02/2022 Purchase 17/4891   631.42 MCL 2012 2022-0190 17/02/2022 17/02/2022 Book
    Dewey Decimal Classification     Faculty of Interdisciplinary Studies Library Faculty of Interdisciplinary Studies Library 17/02/2022 Purchase 17/4892   631.42 MCL 2012 2022-0191 17/02/2022 17/02/2022 Book